Proceeding of the natinonal level conference on "Recent Trends In Applied Mathematics - 2022""/ (Record no. 196976)
[ view plain ]
| 000 -LEADER | |
|---|---|
| fixed length control field | 00741nam a22001817a 4500 |
| 005 - DATE AND TIME OF LATEST TRANSACTION | |
| control field | 20231016124603.0 |
| 010 ## - LCCN (DPL NO) | |
| LC control number | ENG-137769 |
| 020 ## - INTERNATIONAL STANDARD BOOK NUMBER | |
| International Standard Book Number | 9788195174652 |
| Terms of availability | 200.00 |
| 035 ## - SYSTEM CONTROL NUMBER | |
| System control number | EN-121300 |
| 037 ## - SOURCE OF ACQUISITION | |
| Source of stock number/acquisition | DBAD |
| 082 ## - DEWEY DECIMAL CLASSIFICATION NUMBER | |
| Classification number | 510 |
| Edition number | 2022 |
| 245 ## - TITLE STATEMENT | |
| Title | Proceeding of the natinonal level conference on "Recent Trends In Applied Mathematics - 2022""/ |
| Statement of responsibility, etc | Edited by S. Rajeev Gamdhi, S. Mahalakshmi, A. Jemsi asumtha and M. Naveen Raj |
| 260 ## - PUBLICATION, DISTRIBUTION, ETC. (IMPRINT) | |
| Date of publication, distribution, etc | 2022 |
| Place of publication, distribution, etc | Tamil Nadu |
| Name of publisher, distributor, etc | VHN Senthikumara Nadar College |
| 270 ## - ADDRESS | |
| Address | 3/151-1 College Road Virudhnagar |
| City | Tamil Nadu |
| Postal code | 626001 |
| 300 ## - PHYSICAL DESCRIPTION | |
| Extent | 125p. |
| Dimensions | 29cm(Pbk) |
| 710 ## - ADDED ENTRY--CORPORATE NAME | |
| Corporate name or jurisdiction name as entry element | S. Rajeev Gamdhi, S. Mahalakshmi, A. Jemsi asumtha and M. Naveen Raj |
| Relator term | Editor |
| 9 (RLIN) | 57832 |
| 942 ## - ADDED ENTRY ELEMENTS (KOHA) | |
| Source of classification or shelving scheme | Dewey Decimal Classification |
| Item type | English Books |
| Classification part | 510 |
| Call number suffix | PRO |
| Withdrawn status | Lost status | Not for loan | Collection code | Home library | Current library | Date acquired | Source of acquisition | Cost, normal purchase price | Full call number | Barcode | Copy number | Cost, replacement price | Koha item type |
|---|---|---|---|---|---|---|---|---|---|---|---|---|---|
| Non-fiction | Vinoba Puri | Vinoba Puri | 10/08/2023 | DBAD/PUB | 200.00 | 510 REC | EN-121300 | 1 | 200.00 | English Books |
